[Event "Int. Stuttgarter Stadtmeisterschaft B"]
[Site "Ditzingen"]
[Date "2019.05.31"]
[Round "3.9"]
[White "Stiefelmeyer, Michael"]
[Black "Gheng, Christian"]
[Result "1/2-1/2"]
[WhiteElo "1689"]
[BlackElo "1865"]
[PlyCount "95"]
[EventDate "2019.??.??"]
[WhiteTeam "SF Nabern"]
[BlackTeam "Schach-Kids Bernhausen e.V."]

1. c4 e6 2. g3 Nf6 3. Bg2 c5 4. d3 Nc6 5. Nf3 Be7 6. O-O O-O 7. b3 d5 8. Bb2 d4
9. e3 e5 10. exd4 exd4 11. Re1 Rb8 12. Na3 a6 13. Rc1 Bf5 14. Ne5 Nxe5 15. Rxe5
Bg6 16. Nc2 Bd6 17. Re1 b5 18. cxb5 axb5 19. Na3 Qa5 20. Ra1 c4 21. Nxb5 Rxb5
22. dxc4 Re5 23. Bxd4 Rxe1+ 24. Qxe1 Bb4 25. Qe5 Qxe5 26. Bxe5 Ng4 27. Bd4 Rd8
28. Bb6 Rd2 29. h3 Ne5 30. a3 Bc3 31. Rc1 Bb2 32. Re1 h6 33. c5 Bd4 34. Kh2
Rxf2 35. Kh1 Kh7 36. b4 Ra2 37. Bc7 Nd3 38. Rf1 Rxa3 39. c6 Nxb4 40. Bd6 Ra1
41. Rxa1 Bxa1 42. Bxb4 Bf5 43. g4 Bc8 44. Bd6 f5 45. gxf5 Bxf5 46. Kh2 Kg6 47.
c7 Bc8 48. Bd5 1/2-1/2

[Event "Int. Stuttgarter Stadtmeisterschaft B"]
[Site "Ditzingen"]
[Date "2019.05.31"]
[Round "3.10"]
[White "SchÃ¤fer, Daniel"]
[Black "Maier, Lukas"]
[Result "0-1"]
[WhiteElo "1778"]
[BlackElo "1683"]
[PlyCount "68"]
[EventDate "2019.??.??"]
[WhiteTeam "Heilbronner SV"]
[BlackTeam "SV Backnang"]

1. d4 Nf6 2. Nf3 d5 3. c4 c6 4. Nc3 e6 5. Bg5 Nbd7 6. e3 Bb4 7. Qc2 Qa5 8. Bxf6
Nxf6 9. Bd3 O-O 10. O-O Qc7 11. Rac1 dxc4 12. Bxc4 Bd6 13. Bd3 Qe7 14. Ne4 Nxe4
15. Bxe4 h6 16. Ne5 Bd7 17. Rfd1 Rfd8 18. a3 Rac8 19. Qb3 Be8 20. Bb1 c5 21.
Nc4 cxd4 22. exd4 Bf4 23. Rc3 Bc6 24. Ne5 Bxe5 25. dxe5 Qg5 26. Rg3 Qxe5 27. h3
Rxd1+ 28. Qxd1 Qxb2 29. Rb3 Qf6 30. Qd3 Rd8 31. Qh7+ Kf8 32. Bd3 Qg5 33. Bf1
Rd1 34. Qc2 Qxg2# 0-1

[Event "Int. Stuttgarter Stadtmeisterschaft B"]
[Site "Ditzingen"]
[Date "2019.05.31"]
[Round "3.11"]
[White "Grob, Sascha"]
[Black "Kaplunov, Vadym"]
[Result "0-1"]
[WhiteElo "1682"]
[BlackElo "1773"]
[PlyCount "66"]
[EventDate "2019.??.??"]
[WhiteTeam "SK e4 Gerlingen"]
[BlackTeam "Stuttgarter SF 1879"]

1. d4 d5 2. c4 e6 3. Nc3 Nf6 4. c5 b6 5. b4 a5 6. cxb6 Bxb4 7. Bd2 cxb6 8. e3
O-O 9. Nf3 Nbd7 10. Nb5 Bxd2+ 11. Nxd2 Ba6 12. Rc1 Ne8 13. a4 Qe7 14. Be2 Nd6
15. Nxd6 Bxe2 16. Qxe2 Qxd6 17. Qb5 Rfc8 18. O-O Kf8 19. Qb2 Qb4 20. Qa2 Rc3
21. Rxc3 Qxc3 22. Nb1 Qc6 23. Qa3+ Kg8 24. Rc1 Qb7 25. Nc3 Rc8 26. Nb5 Rxc1+
27. Qxc1 Nb8 28. Kf1 Qc6 29. Qa3 Qc4+ 30. Ke1 Nc6 31. Nd6 Qc2 32. Nc8 Nb4 33.
Ne7+ Kh8 0-1

[Event "Int. Stuttgarter Stadtmeisterschaft B"]
[Site "Ditzingen"]
[Date "2019.05.31"]
[Round "3.13"]
[White "Braun, Tobias"]
[Black "SchÃ¤fer, Tim"]
[Result "1-0"]
[WhiteElo "1661"]
[BlackElo "1731"]
[PlyCount "49"]
[EventDate "2019.??.??"]
[WhiteTeam "SSV Zuffenhausen"]
[BlackTeam "SC Kirchheim/Teck"]

1. d4 Nf6 2. c4 g6 3. Nc3 Bg7 4. g3 O-O 5. Bg2 d6 6. Nf3 Nbd7 7. O-O e5 8. d5
Nh5 9. e4 Nb6 10. Nd2 Bh6 11. b3 Bd7 12. Nf3 Bxc1 13. Rxc1 Qe8 14. Nh4 f5 15.
exf5 gxf5 16. Qd2 Rf7 17. Qh6 Rf6 18. Qg5+ Kh8 19. Bf3 Qe7 20. Bxh5 Rg8 21. Qd2
f4 22. Kh1 Rh6 23. Bf3 Rg4 24. Bxg4 Bxg4 25. f3 1-0

[Event "Int. Stuttgarter Stadtmeisterschaft B"]
[Site "Ditzingen"]
[Date "2019.05.31"]
[Round "3.14"]
[White "Hahn, Martin"]
[Black "WÃ¼bbens, Carsten"]
[Result "1/2-1/2"]
[WhiteElo "1726"]
[BlackElo "1655"]
[PlyCount "53"]
[EventDate "2019.??.??"]
[WhiteTeam "SF Oeffingen e.V."]
[BlackTeam "SF Freiberg"]

1. d4 d5 2. Nc3 Nf6 3. Bf4 c6 4. e3 Bf5 5. f3 e6 6. g4 Bg6 7. h4 h6 8. Bd3 Bxd3
9. Qxd3 Bd6 10. Nge2 Qc7 11. O-O-O Nbd7 12. Bxd6 Qxd6 13. g5 Nh5 14. f4 O-O-O
15. a3 g6 16. Nb1 Nb6 17. b3 Kb8 18. Kb2 Rc8 19. Nd2 Ng7 20. Nf3 h5 21. Ne5
Rhf8 22. Ng3 Nf5 23. Nxf5 exf5 24. Rh2 Nd7 25. Nxd7+ Qxd7 26. c4 Rfe8 27. c5
1/2-1/2

[Event "Int. Stuttgarter Stadtmeisterschaft B"]
[Site "Ditzingen"]
[Date "2019.05.31"]
[Round "3.15"]
[White "Burian, Theodor"]
[Black "MÃ¼ller, Klaus"]
[Result "0-1"]
[WhiteElo "1709"]
[BlackElo "1654"]
[PlyCount "42"]
[EventDate "2019.??.??"]
[WhiteTeam "TSF Ditzingen"]
[BlackTeam "SV Marbach"]

1. d4 Nf6 2. c4 e5 3. d5 Bb4+ 4. Bd2 a5 5. Nc3 d6 6. e3 Na6 7. Bd3 Nc5 8. Bc2
Bg4 9. Nge2 e4 10. a3 Nd3+ 11. Kf1 Bc5 12. Qb1 Bf5 13. Ng3 Qd7 14. Ba4 c6 15.
dxc6 bxc6 16. Bxc6 Qxc6 17. Nxf5 Rb8 18. Nb5 Ng4 19. Ke2 Rxb5 20. cxb5 Qxb5 21.
Bc3 Nf4+ 0-1

[Event "Int. Stuttgarter Stadtmeisterschaft B"]
[Site "Ditzingen"]
[Date "2019.05.31"]
[Round "3.16"]
[White "Chen, Quingzhi Alexander"]
[Black "Schulz, Uwe"]
[Result "0-1"]
[WhiteElo "1607"]
[BlackElo "1696"]
[PlyCount "74"]
[EventDate "2019.??.??"]
[WhiteTeam "SGem Vaihingen-Rohr"]
[BlackTeam "SF Heubach"]

1. e4 e6 2. d4 d5 3. Nc3 Bb4 4. e5 Ne7 5. a3
Bxc3+ 6. bxc3 c5 7. f4 cxd4 8. cxd4 b6 9. Bb5+ Bd7 10. Be2 Ba4 11. Be3 Nf5 12.
Bf2 Qc7 13. Rc1 Qc3+ 14. Qd2 Qxd2+ 15. Kxd2 Nc6 16. Nf3 Rc8 17. Ba6 Rc7 18. c4
Na5 19. Kd3 dxc4+ 20. Kc3 O-O 21. Nd2 b5 22. Bxb5 Bxb5 23. Kb4 Nc6+ 24. Kxb5
Ncxd4+ 25. Ka4 Rfc8 26. g4 c3 27. gxf5 cxd2 28. Rxc7 Rxc7 29. fxe6 Rc4+ 30. Ka5
Nc6+ 31. Kb5 Rc1 32. Bxa7 Rxh1 33. Kxc6 fxe6 34. a4 d1=Q 35. a5 Qa4+ 36. Kb6
Rb1+ 37. Ka6 Qc4# 0-1

[Event "Int. Stuttgarter Stadtmeisterschaft B"]
[Site "Ditzingen"]
[Date "2019.05.31"]
[Round "3.17"]
[White "Matic, Marijo"]
[Black "Leitherer, Johannes"]
[Result "1/2-1/2"]
[WhiteElo "1472"]
[BlackElo "1695"]
[PlyCount "86"]
[EventDate "2019.??.??"]
[WhiteTeam "SF Deizisau"]
[BlackTeam "Stuttgarter SF 1879"]

1. d4 d5 2. Bf4 e6 3. e3 Nf6 4. Bd3 Be7 5. Nd2 b6 6. Ngf3 Bb7 7. Ne5 O-O 8. Qf3
c5 9. c3 Nc6 10. Nxc6 Bxc6 11. O-O Re8 12. Qh3 Bd6 13. Bg5 h6 14. Bxf6 Qxf6 15.
f4 cxd4 16. cxd4 Bb7 17. a3 Rac8 18. Nb3 Rc7 19. Rac1 Rec8 20. Qf3 Qe7 21. Qe2
a5 22. Rxc7 Rxc7 23. Nc1 Qd8 24. Na2 Qc8 25. Nc3 Bc6 26. Ba6 Qd8 27. Bd3 Bd7
28. Qd2 f5 29. g3 Qc8 30. Na2 Ba4 31. Rc1 Bb3 32. Rxc7 Qxc7 33. Nc3 Be7 34. Nb5
Qc6 35. Na7 Qd7 36. Nb5 Bc4 37. Nc3 Qc6 38. Qc2 b5 39. Nb1 b4 40. axb4 Bxb4 41.
b3 Bb5 42. Qxc6 Bxc6 43. Kf2 Kf7 1/2-1/2

[Event "Int. Stuttgarter Stadtmeisterschaft B"]
[Site "Ditzingen"]
[Date "2019.05.31"]
[Round "3.18"]
[White "JÃ¼nk, Stefan"]
[Black "Podbicanin, Abaz"]
[Result "0-1"]
[WhiteElo "1453"]
[BlackElo "1871"]
[PlyCount "70"]
[EventDate "2019.??.??"]
[WhiteTeam "SC Leinzell"]

1. e4 e5 2. Nf3 d5 3. Bb5+ c6 4. Ba4 dxe4 5. Nxe5 Qa5 6. Nxf7 Kxf7 7. Bb3+ Be6
8. Bxe6+ Kxe6 9. O-O Nf6 10. d4 Bd6 11. c4 Qh5 12. Qxh5 Nxh5 13. Re1 Kf5 14.
g4+ Kxg4 15. Rxe4+ Kf5 16. Nc3 Nf6 17. Re2 Re8 18. Be3 Nbd7 19. f3 Bf4 20. Ne4
Nxe4 21. Bxf4 Kxf4 22. fxe4 Rf8 23. h4 Kg4 24. Rg2+ Kxh4 25. Kh2 g5 26. Rag1 h6
27. e5 Rf3 28. Rg4+ Kh5 29. Re4 Raf8 30. e6 Nf6 31. Re2 Rd3 32. e7 Re8 33. Re6
Ng8 34. Rf1 Rxd4 35. b3 Rxe7 0-1

[Event "Int. Stuttgarter Stadtmeisterschaft B"]
[Site "Ditzingen"]
[Date "2019.05.31"]
[Round "3.19"]
[White "Zehring, Mathias"]
[Black "Vaclahovsky, Gerhard"]
[Result "1-0"]
[WhiteElo "1857"]
[BlackElo "1594"]
[PlyCount "143"]
[EventDate "2019.??.??"]
[WhiteTeam "SC Waiblingen 1921"]
[BlackTeam "SK Keres-Augsburg 1980"]

1. e4 e6 2. d4 d5 3. Nd2 c5 4. c3 dxe4 5. Nxe4 cxd4 6. cxd4 Nf6 7. Nxf6+ Qxf6
8. Nf3 Bb4+ 9. Bd2 Bxd2+ 10. Qxd2 O-O 11. Bb5 Bd7 12. Bxd7 Nxd7 13. O-O Rfc8
14. Rac1 Qd8 15. d5 Nf6 16. dxe6 Qxd2 17. exf7+ Kxf7 18. Nxd2 Nd5 19. Nc4 Kf6
20. Rfd1 Nf4 21. Kf1 Ke7 22. g3 Ne6 23. b3 Rc7 24. Ne3 Rxc1 25. Rxc1 Rd8 26.
Rd1 Rxd1+ 27. Nxd1 Nd4 28. f4 Kd6 29. Kf2 Kc5 30. Ke3 Nc2+ 31. Kd2 Nd4 32. Kd3
Nf3 33. h3 Ne1+ 34. Ke4 Nc2 35. f5 Kd6 36. g4 b5 37. Nc3 a6 38. Nd5 a5 39. g5
Ne1 40. f6 Ke6 41. Nc7+ Kf7 42. fxg7 Kxg7 43. Nxb5 Kg6 44. Kf4 Nd3+ 45. Kg3
Kxg5 46. Nd6 Nc1 47. Nc4 Nxa2 48. Nxa5 Nb4 49. Nc4 Nc2 50. h4+ Kf5 51. Nd2 h6
52. Nc4 h5 53. Nd6+ Ke5 54. Ne8 Kf5 55. Ng7+ Kg6 56. Ne6 Nb4 57. Nf4+ Kh6 58.
Kf3 Nc2 59. Ke4 Nb4 60. Kd4 Nc2+ 61. Kc5 Kg7 62. Nxh5+ Kg6 63. Ng3 Kf6 64. b4
Nxb4 65. Kxb4 Ke5 66. Kc5 Kf6 67. Kd6 Kg6 68. Ke6 Kg7 69. Kf5 Kh6 70. Kf6 Kh7
71. Nf5 Kh8 72. Kg6 1-0

[Event "Int. Stuttgarter Stadtmeisterschaft B"]
[Site "Ditzingen"]
[Date "2019.05.31"]
[Round "3.20"]
[White "Domingos, Antonio"]
[Black "Oliva, Jan"]
[Result "1/2-1/2"]
[WhiteElo "1583"]
[BlackElo "1841"]
[PlyCount "92"]
[EventDate "2019.??.??"]
[WhiteTeam "SK Wernau"]

1. e4 c5 2. Nf3 e6 3. d4 cxd4 4. Nxd4 a6 5. Be2 Nf6 6. Nc3 Qc7 7. Bg5 Bb4 8.
O-O Nc6 9. Bxf6 gxf6 10. Nxc6 bxc6 11. Qd4 Bxc3 12. Qxc3 Qe5 13. Qxe5 fxe5 14.
c4 d5 15. cxd5 exd5 16. exd5 cxd5 17. Rac1 Bf5 18. Rc6 O-O 19. Rfc1 a5 20. g4
Be6 21. a3 Rab8 22. R1c2 Rfd8 23. Ra6 d4 24. Rd2 Ra8 25. Rxa8 Rxa8 26. f4 f6
27. g5 exf4 28. gxf6 Rd8 29. Bh5 Rd5 30. Rg2+ Kf8 31. Bf3 Rf5 32. Rd2 Bd5 33.
Bxd5 Rxd5 34. Kf2 Rb5 35. Kf3 Rb3+ 36. Kxf4 d3 37. Ke5 Kf7 38. Kd4 Kxf6 39. Kc4
a4 40. h4 Ke5 41. Rxd3 Rxb2 42. Rd7 Rb3 43. Rxh7 Rxa3 44. h5 Rh3 45. Kb4 a3 46.
Ra7 Kf6 1/2-1/2

[Event "Int. Stuttgarter Stadtmeisterschaft B"]
[Site "Ditzingen"]
[Date "2019.05.31"]
[Round "4.1"]
[White "Jantos, Stefan"]
[Black "GrÃ¼nert, Thomas"]
[Result "1-0"]
[WhiteElo "1887"]
[BlackElo "1692"]
[PlyCount "77"]
[EventDate "2019.??.??"]
[WhiteTeam "SF Oeffingen e.V."]
[BlackTeam "SF Illingen"]

1. e4 c5 2. Nf3 e6 3. d4 cxd4 4. Nxd4 Nf6 5. Bd3 Nc6 6. Nxc6 dxc6 7. O-O e5 8.
Nd2 Ng4 9. Nf3 h5 10. Bc4 Qf6 11. Bg5 Qd6 12. Qe2 Qg6 13. Rad1 Be6 14. Qd3 Be7
15. Bxe7 Kxe7 16. Qd6+ Ke8 17. Nxe5 Nxe5 18. Qxe5 Rh6 19. Rd6 Qf6 20. Qxf6 Rxf6
21. Bxe6 Rxe6 22. Rxe6+ fxe6 23. Rd1 e5 24. f3 Ke7 25. Kf2 a5 26. Ke3 b5 27. h4
b4 28. Rd2 a4 29. g3 Ra5 30. f4 g6 31. fxe5 Rxe5 32. Rd4 c5 33. Rd5 Rxd5 34.
exd5 Kd6 35. Ke4 c4 36. Kd4 b3 37. cxb3 cxb3 38. axb3 axb3 39. Ke4 1-0

[Event "Int. Stuttgarter Stadtmeisterschaft B"]
[Site "Ditzingen"]
[Date "2019.05.31"]
[Round "4.2"]
[White "Aubel, Stefan"]
[Black "Rautenberg, Uwe"]
[Result "1-0"]
[WhiteElo "1672"]
[BlackElo "1714"]
[PlyCount "97"]
[EventDate "2019.??.??"]
[WhiteTeam "SSV Zuffenhausen"]
[BlackTeam "SC Ingersheim e.V."]

1. d4 d6 2. e4 Nf6 3. Nc3 c6 4. Nf3 Qc7 5. Bc4 Bg4 6. h3 Bxf3 7. Qxf3 e5 8. Be3
Nbd7 9. Bb3 a5 10. a4 Be7 11. O-O O-O 12. Rfd1 Rad8 13. d5 c5 14. Nb5 Qb8 15.
Bd2 b6 16. Bc4 Qb7 17. g4 Ne8 18. Kg2 g6 19. Rh1 Ng7 20. h4 h5 21. Bg5 hxg4 22.
Qxg4 f6 23. Bh6 Kf7 24. Bxg7 Kxg7 25. h5 g5 26. Qf5 Rg8 27. Qg6+ Kf8 28. Qf5
Kg7 29. h6+ Kh8 30. Rh2 Nf8 31. Rah1 Qd7 32. Qf3 Ng6 33. Kf1 Nf4 34. Be2 Kh7
35. Qg3 Nxe2 36. Kxe2 Rdf8 37. f3 Rf7 38. Qg4 Qxg4 39. fxg4 Rgf8 40. Nc7 Rg8
41. Ne6 Rc8 42. Rh3 Rh8 43. Kd3 Rb8 44. Kc4 Bd8 45. Kb5 Rc8 46. b3 Rb7 47. Nf8+
Kh8 48. h7 Rg7 49. Rh6 1-0

[Event "Int. Stuttgarter Stadtmeisterschaft B"]
[Site "Ditzingen"]
[Date "2019.05.31"]
[Round "4.3"]
[White "Kaufhold, Stephan"]
[Black "Machaczek, Werner"]
[Result "1-0"]
[WhiteElo "1827"]
[BlackElo "1649"]
[PlyCount "85"]
[EventDate "2019.??.??"]
[WhiteTeam "SC BÃ¶blingen 1975 e.V."]
[BlackTeam "SC Tamm 74"]

1. d4 Nf6 2. g3 g6 3. Nf3 d5 4. Bg2 Bf5 5. O-O Nbd7 6. Nbd2 c6 7. Nh4 Bg4 8. h3
Be6 9. c3 g5 10. Nhf3 g4 11. Ng5 Bf5 12. hxg4 Bxg4 13. f3 Bh5 14. Qe1 Qb6 15.
e4 e5 16. exd5 Nxd5 17. Nc4 Qc7 18. dxe5 Be7 19. e6 N7b6 20. exf7+ Bxf7 21. Ne5
Bg6 22. f4 O-O 23. Ne6 Qc8 24. Nxf8 Qxf8 25. Nxg6 Bc5+ 26. Kh2 Qh6+ 27. Nh4 Nf6
28. f5 Qg7 29. Bf4 Re8 30. Qd2 Qe7 31. Bf3 Rd8 32. Qe2 Qf7 33. Qe6 Re8 34.
Qxf7+ Kxf7 35. Rae1 Rg8 36. Kh3 Nbd5 37. Bc1 Bd6 38. g4 Nh5 39. Bxd5+ cxd5 40.
Re6 Bb8 41. Rfe1 Nf6 42. Re7+ Kf8 43. Bh6+ 1-0

[Event "Int. Stuttgarter Stadtmeisterschaft B"]
[Site "Ditzingen"]
[Date "2019.05.31"]
[Round "4.4"]
[White "Maier, Lukas"]
[Black "Fischer, Dietmar"]
[Result "1/2-1/2"]
[WhiteElo "1683"]
[BlackElo "1893"]
[PlyCount "43"]
[EventDate "2019.??.??"]
[WhiteTeam "SV Backnang"]
[BlackTeam "SC BÃ¶blingen 1975 e.V."]

1. d4 Nf6 2. c4 g6 3. Nc3 Bg7 4. Nf3 O-O 5. e4 d6 6. Be3 e5 7. dxe5 dxe5 8. h3
Nfd7 9. Qc2 c6 10. Rd1 Qe7 11. Be2 a5 12. O-O Na6 13. a3 Ndc5 14. Qb1 Nb3 15.
Na4 Nac5 16. Nxc5 Nxc5 17. b4 Ne6 18. c5 axb4 19. axb4 Nf4 20. Bc4 Be6 21. Qc2
Rfd8 22. Kh2 1/2-1/2

[Event "Int. Stuttgarter Stadtmeisterschaft B"]
[Site "Ditzingen"]
[Date "2019.05.31"]
[Round "4.5"]
[White "MÃ¼ller, Klaus"]
[Black "Schulz, Jens Peter"]
[Result "1/2-1/2"]
[WhiteElo "1654"]
[BlackElo "1846"]
[PlyCount "60"]
[EventDate "2019.??.??"]
[WhiteTeam "SV Marbach"]
[BlackTeam "SV Dicker Turm Esslingen"]

1. e4 e6 2. c4 d5 3. cxd5 exd5 4. exd5 Nf6 5. Bb5+ Bd7 6. Bxd7+ Nbxd7 7. Nf3
Be7 8. O-O O-O 9. Nc3 Nb6 10. d4 Nbxd5 11. Qb3 Rb8 12. Re1 c6 13. Be3 Re8 14.
Re2 Bd6 15. Rae1 Qc7 16. Bg5 Rxe2 17. Rxe2 h6 18. Bxf6 Nxf6 19. Ne4 Nd5 20.
Nxd6 Qxd6 21. g3 b5 22. Kg2 a5 23. Qc2 Nb4 24. Qb1 a4 25. a3 Nd5 26. Qc2 Nf6
27. Re5 Nd5 28. Qc5 Qg6 29. Re1 Nf4+ 30. Kg1 Nd3 1/2-1/2

[Event "Int. Stuttgarter Stadtmeisterschaft B"]
[Site "Ditzingen"]
[Date "2019.05.31"]
[Round "4.6"]
[White "Kaplunov, Vadym"]
[Black "Riepert, Steffen"]
[Result "1-0"]
[WhiteElo "1773"]
[BlackElo "1704"]
[PlyCount "73"]
[EventDate "2019.??.??"]
[WhiteTeam "Stuttgarter SF 1879"]
[BlackTeam "SV NÃ¼rtingen 1920"]

1. d4 Nf6 2. c4 e6 3. Nf3 b6 4. g3 Bb7 5. Bg2 Be7 6. Nc3 O-O 7. O-O d6 8. Qc2
Nbd7 9. Rd1 d5 10. Ng5 h6 11. Nh3 Rb8 12. b3 Qc8 13. cxd5 Nxd5 14. Nxd5 Bxd5
15. e4 Bb7 16. Bb2 Nf6 17. Rac1 c5 18. Qe2 Ba6 19. Qe1 Qe8 20. d5 exd5 21. exd5
Rd8 22. Rc3 Qd7 23. Re3 Rfe8 24. d6 Bxd6 25. Bxf6 gxf6 26. Qd2 Rxe3 27. fxe3
Qe7 28. e4 Bc7 29. Qc2 Be5 30. Bf3 Rxd1+ 31. Qxd1 Bc8 32. Nf4 Bb7 33. Nd5 Bd4+
34. Qxd4 cxd4 35. Nxe7+ Kg7 36. Nf5+ Kg6 37. Nxd4 1-0

[Event "Int. Stuttgarter Stadtmeisterschaft B"]
[Site "Ditzingen"]
[Date "2019.05.31"]
[Round "4.7"]
[White "Follmer, Helmuth"]
[Black "Schulz, Uwe"]
[Result "0-1"]
[WhiteElo "1728"]
[BlackElo "1696"]
[PlyCount "90"]
[EventDate "2019.??.??"]
[WhiteTeam "SC Widdern"]
[BlackTeam "SF Heubach"]

1. e4 e6 2. d4 d5 3. e5 c5 4. c3 Nc6 5. Nf3 Bd7 6. Be2 f6 7. O-O fxe5 8. Nxe5
Nxe5 9. dxe5 Qc7 10. f4 Ne7 11. Kh1 O-O-O 12. b4 Nf5 13. a3 Be8 14. Bg4 Bg6 15.
Qe2 h5 16. Bxf5 Bxf5 17. Qf2 g5 18. Be3 gxf4 19. Bxf4 Be7 20. Nd2 Bd3 21. Rfe1
Rdf8 22. Qe3 c4 23. Nf3 Rhg8 24. Bg3 Kb8 25. Bf2 b6 26. Nd4 Bg5 27. Qh3 Rxf2
28. Qxe6 Rc8 29. Qxd5 Qb7 30. Qxb7+ Kxb7 31. Nb5 Rcf8 32. e6 Be7 33. h3 Rf1+
34. Kh2 h4 35. Rxf1 Rxf1 36. Rxf1 Bxf1 37. g3 a6 38. Nd4 Bd3 39. g4 Kc7 40. Kg2
Bf6 41. Nf5 Bxc3 42. Kf3 Bf6 43. Kf4 c3 44. Ke3 c2 45. Kd2 Bg5+ 0-1

[Event "Int. Stuttgarter Stadtmeisterschaft B"]
[Site "Ditzingen"]
[Date "2019.05.31"]
[Round "4.8"]
[White "Abel, Manfred"]
[Black "Braun, Tobias"]
[Result "1-0"]
[WhiteElo "1856"]
[BlackElo "1661"]
[PlyCount "67"]
[EventDate "2019.??.??"]
[WhiteTeam "SK Bietigheim-Bissingen"]
[BlackTeam "SSV Zuffenhausen"]

1. e4 c6 2. d3 d5 3. Nd2 Nd7 4. Ngf3 dxe4 5. dxe4 e6 6. Be2 Ngf6 7. O-O Be7 8.
Re1 Qc7 9. Bf1 O-O 10. e5 Ng4 11. Nc4 Bc5 12. Re2 b5 13. Nd6 Qb6 14. Ne4 Be7
15. Bf4 f6 16. exf6 Ndxf6 17. Neg5 Nd5 18. Bg3 Bxg5 19. Nxg5 Nf4 20. Re4 e5 21.
h3 Nh5 22. Rxg4 Bxg4 23. Qxg4 Nxg3 24. Qxg3 Rf6 25. Bd3 h6 26. Ne4 Re6 27. a4
a6 28. axb5 cxb5 29. c4 Rd8 30. c5 Qc6 31. b4 Rg6 32. Qe3 Qd5 33. Bc2 Qc4 34.
Bb3 1-0

[Event "Int. Stuttgarter Stadtmeisterschaft B"]
[Site "Ditzingen"]
[Date "2019.05.31"]
[Round "4.9"]
[White "Podbicanin, Abaz"]
[Black "Stiefelmeyer, Michael"]
[Result "0-1"]
[WhiteElo "1871"]
[BlackElo "1689"]
[PlyCount "110"]
[EventDate "2019.??.??"]
[BlackTeam "SF Nabern"]

1. e4 Nc6 2. d4 e5 3. d5 Nce7 4. Nf3 Ng6 5. c4 Bb4+ 6. Nc3 Nf6 7. Bd3 Bxc3+ 8.
bxc3 O-O 9. O-O d6 10. h3 Qe7 11. Bg5 h6 12. Be3 b6 13. a4 a5 14. Nh2 Nf4 15.
Bxf4 exf4 16. Re1 Nd7 17. Nf3 Ne5 18. Nh2 Bd7 19. Nf3 f6 20. Nh4 g5 21. Nf5
Bxf5 22. exf5 Kg7 23. Be2 Qd7 24. Bd3 Rh8 25. g4 Rh7 26. Be2 Rah8 27. Kg2 h5
28. gxh5 Qxf5 29. Bg4 f3+ 30. Bxf3 Qxf3+ 31. Qxf3 Nxf3 32. Kxf3 Rxh5 33. Re7+
Kg6 34. Rxc7 Rxh3+ 35. Kg2 Rh2+ 36. Kf3 R8h3+ 37. Ke2 Rxc3 38. Rb1 Rc2+ 39. Kd3
Rhxf2 40. Rxb6 Ra2 41. Rxd6 Rxa4 42. Kd4 Rf4+ 43. Kc3 Ra3+ 44. Kb2 Rh3 45. Rb6
Rf2+ 46. Ka1 Rh1+ 47. Rb1 Rhh2 48. Rb6 g4 49. Rbb7 a4 50. Rb4 a3 51. Rcb7 g3
52. Rb8 Rh1+ 53. Rb1 Rxb1+ 54. Rxb1 g2 55. c5 Rf1 0-1

[Event "Int. Stuttgarter Stadtmeisterschaft B"]
[Site "Ditzingen"]
[Date "2019.05.31"]
[Round "4.10"]
[White "Gheng, Christian"]
[Black "Alkabetz, Michael"]
[Result "1-0"]
[WhiteElo "1865"]
[BlackElo "1684"]
[PlyCount "37"]
[EventDate "2019.??.??"]
[WhiteTeam "Schach-Kids Bernhausen e.V."]
[BlackTeam "Stuttgarter SF 1879"]

1. e4 c6 2. d4 d5 3. exd5 cxd5 4. c4 Nf6 5. Nc3 Nc6 6. a3 dxc4 7. d5 Ne5 8. Bf4
Nd3+ 9. Bxd3 cxd3 10. Qxd3 a6 11. Nf3 g6 12. O-O Bf5 13. Qc4 Bg7 14. d6 exd6
15. Rfe1+ Be6 16. Ng5 Qd7 17. Nxe6 fxe6 18. Rxe6+ Kf8 19. Bxd6+ 1-0

[Event "Int. Stuttgarter Stadtmeisterschaft B"]
[Site "Ditzingen"]
[Date "2019.05.31"]
[Round "4.11"]
[White "Wibel, Stefan"]
[Black "Zehring, Mathias"]
[Result "1-0"]
[WhiteElo "1698"]
[BlackElo "1857"]
[PlyCount "59"]
[EventDate "2019.??.??"]
[WhiteTeam "SF Bad GrÃ¶nenbach"]
[BlackTeam "SC Waiblingen 1921"]

1. d4 Nf6 2. Nf3 d5 3. c3 Bf5 4. Bf4 h6 5. e3 e6 6. Bd3 Bxd3 7. Qxd3 c6 8. Nbd2
Bd6 9. Ne5 Nh5 10. Ndf3 Nxf4 11. exf4 Nd7 12. f5 Qe7 13. O-O O-O-O 14. b4 Nxe5
15. Nxe5 Rhe8 16. Rfe1 Qc7 17. a4 f6 18. Nf3 e5 19. dxe5 Bxe5 20. g3 Qd7 21.
Rec1 Kb8 22. Nd4 Bxd4 23. cxd4 Rc8 24. Rc5 Qd6 25. Rb1 Re7 26. b5 b6 27. bxc6
Ka8 28. Rxb6 Rec7 29. Qa6 Rb8 30. Rb7 1-0

[Event "Int. Stuttgarter Stadtmeisterschaft B"]
[Site "Ditzingen"]
[Date "2019.05.31"]
[Round "4.12"]
[White "Leitherer, Johannes"]
[Black "Schnepel, Thomas"]
[Result "1-0"]
[WhiteElo "1695"]
[BlackElo "1811"]
[PlyCount "75"]
[EventDate "2019.??.??"]
[WhiteTeam "Stuttgarter SF 1879"]
[BlackTeam "SC Pforzheim 1906"]

1. e4 c5 2. Nf3 Nc6 3. d4 cxd4 4. Nxd4 Nf6 5. Nc3 e5 6. Ndb5 d6 7. Nd5 Nxd5 8.
exd5 Nb8 9. c4 Be7 10. Be2 O-O 11. b4 f5 12. c5 a6 13. Nxd6 Bxd6 14. cxd6 Qxd6
15. Qb3 Nd7 16. Ba3 b5 17. Rc1 Nb8 18. O-O Kh8 19. Rfd1 Bb7 20. Qc3 Nd7 21. Qc7
Qxc7 22. Rxc7 Bc8 23. Bb2 Kg8 24. d6 Re8 25. Rd2 Kf8 26. Bd1 Rb8 27. Bb3 Rb7
28. Rdc2 Rxc7 29. Rxc7 g6 30. h3 f4 31. Bd5 Rd8 32. Bc6 Nb8 33. Bxe5 Nxc6 34.
Rxc6 f3 35. Bf6 Re8 36. Rxc8 Rxc8 37. d7 Rc1+ 38. Kh2 1-0

[Event "Int. Stuttgarter Stadtmeisterschaft B"]
[Site "Ditzingen"]
[Date "2019.05.31"]
[Round "4.13"]
[White "Wallinger, Lukas"]
[Black "Feustel, Andreas"]
[Result "1/2-1/2"]
[WhiteElo "1810"]
[BlackElo "1672"]
[PlyCount "53"]
[EventDate "2019.??.??"]
[WhiteTeam "SV Unterkochen"]
[BlackTeam "SV Reutlingen"]

1. e4 c6 2. d4 d5 3. exd5 cxd5 4. c4 Nf6 5. Nc3 Nc6 6. cxd5 Nxd5 7. Bc4 e6 8.
Nf3 Be7 9. O-O O-O 10. Re1 b6 11. a3 Nf6 12. Bf4 Bb7 13. Rc1 Rc8 14. Ba2 Nh5
15. Be3 g6 16. d5 exd5 17. Nxd5 Bf6 18. Nxf6+ Qxf6 19. b4 Rcd8 20. Qb3 Nf4 21.
Rcd1 Rxd1 22. Qxd1 Rd8 23. Qc2 Ne5 24. Nxe5 Qxe5 25. f3 Qd6 26. Bc4 Ne6 27. Bf2
1/2-1/2

[Event "Int. Stuttgarter Stadtmeisterschaft B"]
[Site "Ditzingen"]
[Date "2019.05.31"]
[Round "4.14"]
[White "Michna, Marcus"]
[Black "SchÃ¶mbs, Oliver"]
[Result "1/2-1/2"]
[WhiteElo "1666"]
[BlackElo "1786"]
[PlyCount "152"]
[EventDate "2019.??.??"]
[WhiteTeam "TSF Ditzingen"]
[BlackTeam "SC Ingersheim e.V."]

1. d4 d5 2. e4 dxe4 3. Nc3 Bf5 4. g4 Bg6 5. Bg2 e6 6. Nxe4 c6 7. g5 Ne7 8. c3
Nd5 9. Qb3 Qc7 10. Ne2 Nd7 11. Bd2 a5 12. O-O a4 13. Qd1 Be7 14. c4 N5b6 15.
Bf4 Qd8 16. Qc1 O-O 17. N2g3 Nc8 18. Qc3 f6 19. gxf6 gxf6 20. Bh6 Re8 21. Rfd1
Ncb6 22. b3 f5 23. d5 e5 24. dxc6 bxc6 25. Nd6 Bxd6 26. Rxd6 axb3 27. axb3
Rxa1+ 28. Qxa1 f4 29. Ne4 Qh4 30. Bg5 Qh5 31. Qd1 Qxd1+ 32. Rxd1 Bxe4 33. Bxe4
Kf7 34. Kh1 Nc5 35. Bxc6 Rc8 36. Bd5+ Kg6 37. Be7 Nxb3 38. Be4+ Kf7 39. Bd8
Nxc4 40. Bd5+ Ke8 41. Bf6 Nbd2 42. Bxe5 Nxe5 43. Rxd2 f3 44. h3 Ke7 45. Be4 Kf6
46. Rd6+ Kg5 47. Kh2 h5 48. Rd5 Kf4 49. Bd3 Rg8 50. Rd4+ Kg5 51. Bc4 Rg7 52.
Bb5 Ra7 53. Rd5 Kf6 54. Kg3 Ra3 55. Rd6+ Ke7 56. Rh6 Ra5 57. Bc6 Nf7 58. Rg6
Ne5 59. Rh6 Ra1 60. Rh7+ Kf6 61. Be4 Re1 62. Bxf3 Rg1+ 63. Kf4 Rg5 64. Rh6+
Ng6+ 65. Ke3 Kg7 66. Rxh5 Re5+ 67. Rxe5 Nxe5 68. Bg4 Nc4+ 69. Kf4 Nd6 70. f3
Nf7 71. Ke4 Ng5+ 72. Kf5 Nxf3 73. Bxf3 Kh8 74. Kg6 Kg8 75. Kh6 Kh8 76. Be4 Kg8
1/2-1/2